000 01003nam a22003850a 4500
001 UByD001848
003 AR-LpoUNG
005 20230818190602.0
008 230818s1958||||mx |||||||||||||||||spa d
040 _aAR-LpoUNG
_bspa
_cAR-LpoUNG
_eaacr
041 _aspa
044 _amx
082 0 _a982.04 264cam
100 1 _aSarmiento, Domingo Faustino
245 1 0 _aCampaña en el ejército grande aliado de Sud América
250 _a1ra. ed.
260 _aMéxico, D.F. :
_bFCE,
_c1958.
300 _alvi, 319 p.
650 4 _aARGENTINA
650 4 _aAMERICA LATINA
650 4 _aANALISIS HISTORICO
650 4 _aASPECTOS POLITICOS
650 4 _aCIUDADANIA
650 4 _aCOLONIALISMO
650 4 _aENSAYO
650 4 _aHISTORIA POLITICA
650 4 _aHISTORIA SOCIAL
650 4 _aMILITARISMO
650 4 _aGUERRA
650 4 _aHISTORIA NACIONAL
650 4 _aSOCIEDAD
700 1 _aHalperín Donghi, Tulio
_eed.
_epról.
_enotas
905 _a51854
942 _cLIB
_2ddc
999 _c64368
_d64368